The golden concordance of the Holy Bible: (Record no. 6673)

MARC details
000 -LEADER
fixed length control field 00610nam a22001817a 4500
003 - CONTROL NUMBER IDENTIFIER
control field GBCCL
005 - DATE AND TIME OF LATEST TRANSACTION
control field 20241126110608.0
008 - FIXED-LENGTH DATA ELEMENTS--GENERAL INFORMATION
fixed length control field 180523b ||||| |||| 00| 0 eng d
040 ## - CATALOGING SOURCE
Transcribing agency gbc
082 ## - DEWEY DECIMAL CLASSIFICATION NUMBER
Classification number 220.52033
Item number GOL
245 ## - TITLE STATEMENT
Title The golden concordance of the Holy Bible:
Remainder of title King James Version
247 ## -
-- A new concordance of the Holy Bible
260 ## - PUBLICATION, DISTRIBUTION, ETC.
Place of publication, distribution, etc. Manila:
Name of publisher, distributor, etc. O.M.F. Publishers,
Date of publication, distribution, etc. 1960
300 ## - PHYSICAL DESCRIPTION
Extent 482 p.;
Dimensions 23 cm.
500 ## - GENERAL NOTE
General note Containing a new selection of words, and some 70,000 context lines as guides to often-sought passages
650 ## - SUBJECT ADDED ENTRY--TOPICAL TERM
Topical term or geographic name entry element Bible
Form subdivision Concordance
General subdivision English
9 (RLIN) 11924
942 ## - ADDED ENTRY ELEMENTS (KOHA)
Source of classification or shelving scheme Dewey Decimal Classification
Koha item type Reference Books
Holdings
Withdrawn status Lost status Source of classification or shelving scheme Damaged status Not for loan Home library Current Library Shelving location Date acquired Total checkouts Full call number Barcode Date last seen Copy number Price effective from Koha item type
    Dewey Decimal Classification     GRACE BIBLE COLLEGE GRACE BIBLE COLLEGE Concordance 2018-05-23   220.52033 GOL 005452 2025-05-01 c.1 2018-05-23 Reference Books
© Grace Bible College Library 2025